Usahasama pembangunan tanah di lot no. PT 8943, Sg. Tekali, Hulu Langat, Selangor Darul Ehsan untuk pembinaan pusat latihan untuk Program Latihan Khidmat Negara (PLKN) (Record no. 88448)

MARC details
000 -LEADER
fixed length control field 00787nam a2200217 i 4500
001 - CONTROL NUMBER
control field C2-0282165
003 - CONTROL NUMBER IDENTIFIER
control field PPAK
005 - DATE AND TIME OF LATEST TRANSACTION
control field 20190625151019.0
008 - FIXED-LENGTH DATA ELEMENTS--GENERAL INFORMATION
fixed length control field 071001s2005 xx |||| ||||| | may d
040 ## - CATALOGING SOURCE
Original cataloging agency PPAK
Language of cataloging eng
Transcribing agency PPAK
Description conventions rda
082 04 - DEWEY DECIMAL CLASSIFICATION NUMBER
Classification number 631.4
Edition number 23
090 00 - LOCALLY ASSIGNED LC-TYPE CALL NUMBER (OCLC); LOCAL CALL NUMBER (RLIN)
Classification number (OCLC) (R) ; Classification number, CALL (RLIN) (NR) 631.4
Feature heading USA
Feature heading KSS
245 00 - TITLE STATEMENT
Title Usahasama pembangunan tanah di lot no. PT 8943, Sg. Tekali, Hulu Langat, Selangor Darul Ehsan untuk pembinaan pusat latihan untuk Program Latihan Khidmat Negara (PLKN)
Remainder of title memorandum persefahaman diantara Gabungan Persatuan Penulis Nasional Malaysia (GAPENA) dan Talian Saga (M) Sdn BHD
264 #1 - PRODUCTION, PUBLICATION, DISTRIBUTION, MANUFACTURE, AND COPYRIGHT NOTICE
Date of production, publication, distribution, manufacture, or copyright notice 2005
300 ## - PHYSICAL DESCRIPTION
Extent 6 pages ;
Dimensions 30 cm
336 ## - CONTENT TYPE
Source rdacontent
Content type term text
337 ## - MEDIA TYPE
Source rdamedia
Media type term unmediated
338 ## - CARRIER TYPE
Source rdacarrier
Carrier type term volume
650 10 - SUBJECT ADDED ENTRY--TOPICAL TERM
Topical term or geographic name entry element Social Science
942 ## - ADDED ENTRY ELEMENTS (KOHA)
Koha item type Book
Source of classification or shelving scheme Dewey Decimal Classification
Holdings
Withdrawn Not for loan Current library Shelving location Date acquired Full call number Barcode Date last seen Koha item type
  Not For Loan Perpustakaan Alor Setar Koleksi Shaidun Shaari 01/10/2007 KSS 631.4 USA A00507236 09/05/2018 Book